000 01072nam a2200289 a 4500
001 62553
003 BD-RjUL
005 20211209081110.0
008 170124s1945 enk 001 0 eng
035 _a(BD-RjUL)62679
040 _aDLC
_cMNS
_dPPiU
_dBD-RjUL
_beng
041 _aeng
082 _a810.9
_223
_bCAM 1945
245 1 4 _aThe Cambridge history of American literature /
_cedited by William Peterfield Trent ; John Erskine ; Stuart P. Sherman ; Carl Van Doren.
260 _aNew York :
_bMacmillan,
_c1917-1945
300 _aV. ;
_c24 cm.
500 _aInclude index
505 0 _aVol. 3 Colonial and revolutionary literature. Early national literature: pt. I.
650 0 _aAmerican literature
_xHistory and criticism.
_9185062
650 0 _aAmerican literature
_vBibliography.
_9185972
700 1 _aTrent, William Peterfield,
_d1862-1939.
_9185973
700 1 _aErskine, John,
_d1879-1951.
_9185974
700 1 _aSherman, Stuart Pratt,
_d1881-1926.
_9185975
700 1 _aVan Doren, Carl,
_d1885-1950.
_9185976
942 _2ddc
_cBK
999 _c62553
_d62553